| 000 | 00819cam a2200229 4500 | ||
|---|---|---|---|
| 005 | 20260305093115.0 | ||
| 008 | 260113b mx |||||||| |||| 00| 0 spa d | ||
| 020 | _a9786077454069 (Secretaria de Cultura, t.2) | ||
| 020 | _a9786077454045 ( Secretaria de Cultura, o.c.) | ||
| 020 | _a9786071642356 (FCE, t.2) | ||
| 020 | _a9786071642332 (FCE, o.c.) | ||
| 050 | 0 | 4 |
_aGT4814.A2 _bF54 2016 |
| 245 | 0 | 3 |
_aLa fiesta mexicana _c / coordinadores Enrique Florescano, Bárbara Santana |
| 250 | _a1a ed. | ||
| 260 |
_aMéxico : _bSecretaría de Cultura : _bFondo de Cultura Económica, _c2016 |
||
| 300 |
_a2 v. : _bil. ; _c21 cm. |
||
| 490 | 0 | _aBiblioteca Mexicana | |
| 504 | _aBibliografía : p. 437-440 | ||
| 651 | 7 |
_2lemb _aMéxico _xFestivales populares |
|
| 651 | 7 |
_2lemb _aMéxico _xDías festivos |
|
| 942 |
_2lcc _cLIB |
||
| 999 |
_c104947 _d104947 |
||